| 000 | 01037cam a22001694a 4500 | ||
|---|---|---|---|
| 005 | 20250605163649.0 | ||
| 008 | 250528s ||||||||||||||||||||||||d | ||
| 035 | _a23843 | ||
| 040 |
_aGR-AtMCL _bgre _dGR-AtMCL _eAACR2 |
||
| 245 | 1 | _aΠαράθυρο / Στην Εκπαίδευση του Παιδιού | |
| 260 |
_bΩρίων, _c2012 |
||
| 300 | _a120 | ||
| 520 | _aΘάλασσα, Φρεγάτα, Η Πολιορκία του Στενού, Η Μικρή Γοργόνα, Ταξίδια Καλοκαιρινά, Μικροί Τουρίστες, Οι Θησαυροί της Θάλασσας, Το 'Ρο' της Αλέκας, Ταξιδάκι Θαλασσινό, Ένα Μικρό Καράβι, Δελφίνια: 'Οι Ακροβάτες της Θάλασσας', Το Πα΄ραπονο των Ψαριών, Εξερευνώντας τα Λιμάνια, Ανοίγουμε Ένα Παράθυρο... στους Ολυμπιακούς Αγώνες, Νικόστρατος. | ||
| 942 | _cCR | ||
| 999 |
_c8769 _d8769 |
||